000 03063ngm a2200481 4500
003 dpl
005 20081215152123.0
007 DVD
008 ||||||sp199 xxu|||||c ||| 00| 0 ng d
010 _aDVD-001497-1499 & DVD-005037-5042
024 _aSHE DVD 583
_c169.00
035 _aDVD-001497-1499
035 _aDVD-005037-5042
040 _aDPL
_cDPL
082 _aDVD / NEEL
245 _aNeel Kamal
_cKalpanalok Presents
_h[videorecording] DVD/
260 _bShemaroo Video Pvt. Ltd.
300 _a1 videodisc DVD; (178 min.) :
_bsd., col. ;
_c4 3/4 in.
_fDVD
440 _aShemaroo Home Entertainment
500 _aDigitally Re-Mastered From the Original Film
500 _aFilmfare Award Winner Best Actoress : Waheeda Rehman
538 _aDolby Digital 5.1 - Hindi Subtitles: English
538 _aAnamorphic Wide Screen Format, Presented 2:35.1 Aspect Ratio Enhancaead for 16:9 Wide Screen
650 _aMotion Picture
700 _aMaheshwari, Ram
700 _aRavi
700 _aRaj Kumar
700 _aWaheeda Rehman
700 _aManoj Kumar
700 _aShani, Balraj
942 _cCF
_2ddc
_hDVD
_mNEEL
999 _c19850
_d19850